Mensajes desde ` El Cerro ` / (Record no. 118280)
[ view plain ]
| 000 -LEADER | |
|---|---|
| campo de control de longitud fija | 00534nam a2200181 4500 |
| 001 - NÚMERO DE CONTROL | |
| campo de control | 118280 |
| 003 - IDENTIFICADOR DE NÚMERO DE CONTROL | |
| campo de control | ES-MaACL |
| 005 - FECHA Y HORA DE LA ÚLTIMA TRANSACCIÓN | |
| campo de control | 20241210140221.0 |
| 007 - CAMPO FIJO DE DESCRIPCIÓN FÍSICA--INFORMACIÓN GENERAL | |
| campo de control de longitud fija | t| |
| 008 - DATOS DE LONGITUD FIJA--INFORMACIÓN GENERAL | |
| campo de control de longitud fija | 070214m19731974sp r ||||1| spa d |
| 100 1# - ENTRADA PRINCIPAL--NOMBRE DE PERSONA | |
| Nombre de persona | Pemán, José María, |
| Fechas asociadas al nombre | 1897-1981 |
| 9 (RLIN) | 90130 |
| 245 10 - MENCIÓN DEL TÍTULO | |
| Título | Mensajes desde ` El Cerro ` / |
| Mención de responsabilidad, etc. | José María Pemán. |
| 250 ## - MENCION DE EDICION | |
| Mención de edición | 1ª ed. |
| 260 ## - PUBLICACIÓN, DISTRIBUCIÓN, ETC. | |
| Lugar de publicación, distribución, etc. | Madrid : |
| Nombre del editor, distribuidor, etc. | Sala, |
| Fecha de publicación, distribución, etc. | 1973-1974. |
| 300 ## - DESCRIPCIÓN FÍSICA | |
| Extensión | LXXXIII, 367 p. : |
| Otras características físicas | `Retr. aut.` ; |
| Dimensiones | 24 cm. |
| 852 ## - LOCALIZACIÓN | |
| Ubicación | ES-MaACL |
| Número de control de estantería | C-55578 |
| Sublocalización o colección | R.88395 |
| Estatus retirado | Estado de pérdida | Estado de daño | No para préstamo | Biblioteca de origen | Biblioteca actual | Ubicación en estantería | Fecha de adquisición | Fuente de adquisición | Total de préstamos | Signatura topográfica completa | Código de barras | Visto por última vez | Precio de reemplazo | Tipo de ítem Koha |
|---|---|---|---|---|---|---|---|---|---|---|---|---|---|---|
| Biblioteca del Ateneo de Madrid | Biblioteca del Ateneo de Madrid | Depósito 2 | 17/01/2008 | C-55578 | 1123309 | 23/02/2023 | 23/02/2023 | Libro impreso |
